[Event "SR 2. liga A 2008/2009"]
[Site "?"]
[Date "2009.03.01"]
[Round "11.8"]
[White "Hajek, Lukas"]
[Black "Hoferek, Peter"]
[Result "1-0"]
[WhiteElo "1587"]
[BlackElo "1892"]
[PlyCount "61"]
[EventDate "2008.??.??"]
[WhiteTeam "Slovakia"]
[BlackTeam "II"]
[WhiteTeamCountry "SVK"]
[BlackTeamCountry "SVK"]

1. d4 d5 2. c4 c6 3. e3 Nf6 4. Nc3 a6 5. cxd5 cxd5 6. Bd3 b5 7. Nf3 Bg4 8. Bd2
e6 9. a3 Bd6 10. Be2 O-O 11. Ne5 Bxe2 12. Qxe2 Nbd7 13. f4 Nb6 14. O-O Nc4 15.
Nxc4 bxc4 16. e4 Nxe4 17. Nxe4 dxe4 18. Qxe4 Qb6 19. Bc3 Rfe8 20. Kh1 Qb5 21.
Rae1 Qd5 22. f5 Bc7 23. fxe6 Qxe6 24. Qxa8 Rxa8 25. Rxe6 fxe6 26. g3 Rf8 27.
Re1 Re8 28. d5 Kf7 29. Rf1+ Kg6 30. Re1 Kf7 31. Rf1+ {time} 1-0

[Event "SR 2. liga A 2008/2009"]
[Site "?"]
[Date "2009.03.01"]
[Round "11.8"]
[White "Janecek, Jan"]
[Black "Sosovicka, Matej"]
[Result "1/2-1/2"]
[WhiteElo "1967"]
[BlackElo "1790"]
[PlyCount "78"]
[EventDate "2008.??.??"]
[WhiteTeam "Slovakia"]
[BlackTeam "II"]
[WhiteTeamCountry "SVK"]
[BlackTeamCountry "SVK"]

1. d4 d5 2. Nf3 Nf6 3. e3 Bf5 4. Nbd2 e6 5. c4 c6 6. Be2 Nbd7 7. Nh4 Bg6 8.
Nxg6 hxg6 9. a3 Bd6 10. h3 Qe7 11. c5 Bc7 12. b4 e5 13. Bb2 e4 14. Qc2 Rb8 15.
Qa4 a6 16. Qc2 O-O 17. O-O-O Rfe8 18. Nb3 Nf8 19. Kb1 Ne6 20. Qd2 Nd7 21. h4 f5
22. g3 Nf6 23. Rdf1 Rf8 24. a4 Bd8 25. a5 Kf7 26. Qd1 Ke8 27. Na1 Kd7 28. Nc2
Bc7 29. Ne1 Rh8 30. Ng2 Rbf8 31. Bc1 Kc8 32. Nf4 Nxf4 33. exf4 Nh5 34. Be3 Kb8
35. Qa4 Qd7 36. Rc1 Ka7 37. Qd1 Qe6 38. Qf1 Qd7 39. Rc2 Rc8 1/2-1/2

[Event "SR 2. liga A 2008/2009"]
[Site "?"]
[Date "2009.03.01"]
[Round "11.8"]
[White "Jelenciak, Jozef"]
[Black "Mosny, Jaroslav"]
[Result "1-0"]
[WhiteElo "1938"]
[BlackElo "2013"]
[PlyCount "75"]
[EventDate "2008.??.??"]
[WhiteTeam "Slovakia"]
[BlackTeam "II"]
[WhiteTeamCountry "SVK"]
[BlackTeamCountry "SVK"]

1. e4 e5 2. Nf3 d6 3. d4 exd4 4. Nxd4 g6 5. Nc3 Bg7 6. Be3 Nf6 7. f3 O-O 8. Qd2
Nc6 9. Bc4 Re8 10. O-O-O a6 11. g4 Ne5 12. Be2 b5 13. h4 c5 14. Nb3 b4 15. Nd5
c4 16. Nxf6+ Bxf6 17. Nd4 Qa5 18. Kb1 c3 19. Nb3 Qa4 20. Qxd6 Be6 21. g5 Bg7
22. f4 Nc4 23. Bxc4 Bxc4 24. e5 Bf8 25. Qd4 Rac8 26. Qd7 Bb5 27. Qh3 cxb2 28.
h5 Bg7 29. hxg6 hxg6 30. Qh7+ Kf8 31. Bc5+ Rxc5 32. Nxc5 Qa3 33. Qh3 Bc4 34.
Qxa3 bxa3 35. Rh3 Kg8 36. Ne4 Rb8 37. Nf6+ Bxf6 38. exf6 1-0

[Event "SR 2. liga A 2009/2010"]
[Site "?"]
[Date "2009.10.10"]
[Round "1.1"]
[White "Kleman, Miroslav"]
[Black "Likavsky, Tomas"]
[Result "0-1"]
[WhiteElo "2222"]
[BlackElo "2478"]
[PlyCount "78"]
[EventDate "2009.??.??"]
[WhiteTeam "Slovakia"]
[BlackTeam "II"]
[WhiteTeamCountry "SVK"]
[BlackTeamCountry "SVK"]

1. c4 b6 2. Nc3 Bb7 3. Nf3 e6 4. a3 c5 5. g3 Bxf3 6. exf3 Nc6 7. Bg2 g6 8. f4
Bg7 9. Rb1 Nge7 10. b4 O-O 11. O-O Rc8 12. Ne2 Nd4 13. d3 d5 14. bxc5 Rxc5 15.
cxd5 Nxe2+ 16. Qxe2 Nxd5 17. Rb3 Nc3 18. Qd2 Qd7 19. Bb2 Rfc8 20. Bxc3 Bxc3 21.
Qe2 Bd4 22. Rb4 Rc2 23. Qe4 Bc5 24. Rc4 Rxc4 25. dxc4 Bxa3 26. Ra1 Bc5 27. Qb7
Rc7 28. Qf3 a5 29. Rd1 Qe8 30. Re1 Rd7 31. Rd1 Rc7 32. g4 a4 33. f5 exf5 34.
gxf5 a3 35. fxg6 hxg6 36. Qg3 Re7 37. Bd5 Re1+ 38. Rxe1 Qxe1+ 39. Kg2 Kg7 0-1

[Event "SR 2. liga A 2009/2010"]
[Site "?"]
[Date "2009.10.10"]
[Round "1.1"]
[White "Kovac, Andrej"]
[Black "Kozinka, Roman"]
[Result "0-1"]
[WhiteElo "2109"]
[BlackElo "2044"]
[PlyCount "84"]
[EventDate "2009.??.??"]
[WhiteTeam "Slovakia"]
[BlackTeam "II"]
[WhiteTeamCountry "SVK"]
[BlackTeamCountry "SVK"]

1. d4 Nf6 2. c4 e6 3. Nf3 c5 4. Nc3 cxd4 5. Nxd4 h6 6. e4 d6 7. Be2 Be7 8. O-O
O-O 9. Be3 Nc6 10. Kh1 Bd7 11. Nc2 a6 12. f4 Rb8 13. Qe1 Kh8 14. g4 Nh7 15. Rg1
g5 16. Rd1 e5 17. f5 Rg8 18. Qf2 Nf6 19. Bb6 Qf8 20. Ne3 Bd8 21. Ned5 Nxd5 22.
Nxd5 Bxb6 23. Nxb6 Be8 24. Nd5 f6 25. b4 Nd4 26. Rxd4 exd4 27. Qxd4 Kg7 28. c5
Rc8 29. Nb6 dxc5 30. Qc3 Rc6 31. Nd5 cxb4 32. Qb2 Qc5 33. Nxb4 Rb6 34. a3 Bc6
35. Bf3 a5 36. Rc1 Qe3 37. Rc3 Qe1+ 38. Kg2 axb4 39. Rd3 Re8 40. axb4 Rxb4 41.
Qa2 Rexe4 42. Rd2 Rxg4+ 0-1

[Event "SR 2. liga A 2009/2010"]
[Site "?"]
[Date "2009.10.10"]
[Round "1.1"]
[White "Matejovic, Juraj"]
[Black "Seitler, Andrej"]
[Result "1-0"]
[WhiteElo "2239"]
[BlackElo "2253"]
[PlyCount "113"]
[EventDate "2009.??.??"]
[WhiteTeam "Slovakia"]
[BlackTeam "II"]
[WhiteTeamCountry "SVK"]
[BlackTeamCountry "SVK"]

1. e4 e6 2. d4 d5 3. Nd2 Nf6 4. e5 Nfd7 5. Bd3 c5 6. c3 Nc6 7. Ne2 cxd4 8. cxd4
f6 9. exf6 Qxf6 10. Nf3 h6 11. O-O Bd6 12. Bb1 O-O 13. Qd3 Rd8 14. Ng3 Nf8 15.
Re1 Bd7 16. Nh5 Qf5 17. Qxf5 exf5 18. Nf4 Re8 19. Rd1 Bxf4 20. Bxf4 g5 21. Bd6
Re6 22. Ba3 g4 23. Nh4 Rf6 24. Bc2 Kf7 25. Bb3 Be6 26. Rac1 Ng6 27. Nxg6 Kxg6
28. Bd6 Rd8 29. Bf4 Bf7 30. Rc5 b6 31. Rc3 Re6 32. g3 Be8 33. Bc2 Nb4 34. Bb1
Nc6 35. Be3 Ne7 36. h3 h5 37. hxg4 hxg4 38. Kg2 Rc6 39. Rcd3 Bf7 40. Rh1 Re6
41. Rc3 Rd7 42. Rhc1 Be8 43. Bf4 Ng8 44. Be5 Nf6 45. f3 gxf3+ 46. Rxf3 Ne4 47.
Bd3 Rf7 48. Rc8 Rfe7 49. Rf4 Rc6 50. Rd8 Bf7 51. g4 fxg4 52. Rxe4 dxe4 53.
Bxe4+ Kg5 54. Bxc6 Bxa2 55. Rd6 Rf7 56. Be4 Rf8 57. Kg3 1-0

[Event "SR 2. liga A 2009/2010"]
[Site "?"]
[Date "2009.10.10"]
[Round "1.1"]
[White "Petrik, Tomas"]
[Black "Polacik, Igor"]
[Result "1-0"]
[WhiteElo "2529"]
[BlackElo "2186"]
[PlyCount "81"]
[EventDate "2009.??.??"]
[WhiteTeam "Slovakia"]
[BlackTeam "II"]
[WhiteTeamCountry "SVK"]
[BlackTeamCountry "SVK"]

1. d4 d5 2. c4 e6 3. Nc3 f5 4. Bf4 c6 5. e3 Nf6 6. Bd3 Bd6 7. Nge2 O-O 8. O-O
Nh5 9. Be5 Bxe5 10. dxe5 g6 11. Nd4 Qe7 12. Rb1 Nd7 13. f4 Nb6 14. Qe2 Bd7 15.
b4 a6 16. a4 dxc4 17. Bxc4 Nd5 18. Na2 Ng7 19. Rfc1 Rfd8 20. Bxd5 exd5 21. Nc3
Be8 22. Qc2 Rac8 23. Nce2 b6 24. Qa2 c5 25. bxc5 bxc5 26. Nf3 Qc7 27. Rd1 c4
28. Nc3 Qa5 29. Qa3 Ne6 30. h3 Bc6 31. Nd4 Nxd4 32. exd4 Rb8 33. Kh2 Kf7 34. h4
Bd7 35. Rxb8 Rxb8 36. Qd6 Rb7 37. Nxd5 Be6 38. Nf6 Qxa4 39. d5 Bc8 40. Qd8 c3
41. Qg8+ 1-0

[Event "SR 2. liga A 2009/2010"]
[Site "?"]
[Date "2009.10.10"]
[Round "1.1"]
[White "Rachela, Milan"]
[Black "Bezuch, Martin"]
[Result "1-0"]
[WhiteElo "2346"]
[BlackElo "2203"]
[PlyCount "103"]
[EventDate "2009.??.??"]
[WhiteTeam "Slovakia"]
[BlackTeam "II"]
[WhiteTeamCountry "SVK"]
[BlackTeamCountry "SVK"]

1. Nf3 Nf6 2. c4 g6 3. Nc3 Bg7 4. d4 O-O 5. e4 d6 6. Be2 c6 7. O-O Qc7 8. Ne1
e5 9. d5 Nbd7 10. Nd3 Nb6 11. dxc6 bxc6 12. c5 dxc5 13. Nxc5 Qe7 14. Be3 Rd8
15. Qc2 Nfd7 16. Rad1 Nf8 17. Rxd8 Qxd8 18. Rd1 Qe7 19. N3a4 g5 20. Nxb6 axb6
21. Na4 Bb7 22. b3 b5 23. Nc5 Bc8 24. a4 bxa4 25. bxa4 h6 26. Qd2 Be6 27. a5
Ng6 28. a6 Nf4 29. Bf1 Bf8 30. Nxe6 Nxe6 31. Qd7 Qxd7 32. Rxd7 Nc5 33. Bxc5
Bxc5 34. Rc7 Bd4 35. Rxc6 Kg7 36. Bd3 Rb8 37. Kf1 Rb2 38. Rc2 Rxc2 39. Bxc2 Kf6
40. Ke2 Ba7 41. Bd1 Bd4 42. Ke1 Kg6 43. Bg4 h5 44. Bd1 g4 45. f3 gxf3 46. Bxf3
h4 47. Bg4 Kf6 48. Ke2 Ba7 49. Kd3 Bd4 50. Kc4 Be3 51. Kd5 Bd4 52. Bf5 1-0

[Event "SR 2. liga A 2009/2010"]
[Site "?"]
[Date "2009.10.10"]
[Round "1.1"]
[White "Tibensky, Robert"]
[Black "Puchart, Vladimir"]
[Result "1-0"]
[WhiteElo "2401"]
[BlackElo "2047"]
[PlyCount "79"]
[EventDate "2009.??.??"]
[WhiteTeam "Slovakia"]
[BlackTeam "II"]
[WhiteTeamCountry "SVK"]
[BlackTeamCountry "SVK"]

1. d4 Nf6 2. Nf3 e6 3. e3 c5 4. Bd3 Nc6 5. O-O d5 6. b3 Be7 7. Bb2 O-O 8. Nbd2
b6 9. a3 Bb7 10. Qe2 Rc8 11. Rfd1 Qc7 12. c4 Rfd8 13. Rac1 Qb8 14. dxc5 Bxc5
15. cxd5 Nxd5 16. Ng5 Nf6 17. Nde4 Nxe4 18. Bxe4 h6 19. Nxf7 Kxf7 20. b4 Be7
21. Qh5+ Kg8 22. Qg6 e5 23. Qe6+ Kh8 24. Bxc6 Rxc6 25. Qxe7 Rxc1 26. Rxc1 Qd6
27. Qxd6 Rxd6 28. Bxe5 Rg6 29. Rc7 Rxg2+ 30. Kf1 Rg5 31. f4 Ba6+ 32. Kf2 Rg6
33. Rxa7 Bd3 34. Kf3 h5 35. a4 h4 36. Rd7 Bc2 37. a5 bxa5 38. bxa5 h3 39. a6
Ba4 40. a7 1-0

[Event "SR 2. liga A 2009/2010"]
[Site "?"]
[Date "2009.10.10"]
[Round "1.2"]
[White "Abel, Peter"]
[Black "Skreno, Vladimir"]
[Result "1-0"]
[WhiteElo "2191"]
[BlackElo "2175"]
[PlyCount "45"]
[EventDate "2009.??.??"]
[WhiteTeam "Slovakia"]
[BlackTeam "II"]
[WhiteTeamCountry "SVK"]
[BlackTeamCountry "SVK"]

1. c4 c5 2. Nc3 Nf6 3. e4 d6 4. Nf3 e6 5. d4 cxd4 6. Nxd4 Be7 7. Be2 b6 8. f4
Bb7 9. Bf3 Nbd7 10. O-O O-O 11. Kh1 Qb8 12. Qe2 a6 13. b3 Rc8 14. Bb2 Ne8 15.
Rfd1 Bf6 16. Rac1 Qa7 17. f5 e5 18. Nc2 Bg5 19. Ra1 b5 20. cxb5 Rc7 21. Nb4
Rac8 22. bxa6 Ba8 23. Nb5 1-0

[Event "SR 2. liga A 2009/2010"]
[Site "?"]
[Date "2009.10.10"]
[Round "1.2"]
[White "Janos, Martin"]
[Black "Varga, David"]
[Result "0-1"]
[WhiteElo "2192"]
[BlackElo "2280"]
[PlyCount "80"]
[EventDate "2009.??.??"]
[WhiteTeam "Slovakia"]
[BlackTeam "II"]
[WhiteTeamCountry "SVK"]
[BlackTeamCountry "SVK"]

1. d4 Nf6 2. c4 g6 3. Nc3 Bg7 4. Nf3 O-O 5. h3 c5 6. d5 d6 7. e3 e5 8. Qc2 Ne8
9. g3 f5 10. Bg2 Nd7 11. Bd2 e4 12. Nh2 Ne5 13. O-O Nxc4 14. Nxe4 Nxb2 15. Bc3
Bxc3 16. Nxc3 Nc4 17. Nf3 Qf6 18. h4 h6 19. a4 b6 20. Rfe1 Bd7 21. Nh2 Nc7 22.
f4 Rae8 23. Ne4 fxe4 24. Qxc4 Re7 25. Qa2 Na6 26. Bf1 Nb4 27. Qd2 g5 28. hxg5
hxg5 29. Bc4 gxf4 30. gxf4 Rh7 31. Bb5 Bf5 32. Rab1 Kf7 33. Re2 Bh3 34. Qb2
Rg8+ 35. Kh1 Qh4 36. Rg1 Rxg1+ 37. Kxg1 Qg3+ 38. Kh1 Bg4 39. Rg2 Qe1+ 40. Bf1
Qxf1+ 0-1

[Event "SR 2. liga A 2009/2010"]
[Site "?"]
[Date "2009.10.10"]
[Round "1.2"]
[White "Liptak, Tomas"]
[Black "Hrivnak, Martin"]
[Result "0-1"]
[WhiteElo "2036"]
[BlackElo "2208"]
[PlyCount "80"]
[EventDate "2009.??.??"]
[WhiteTeam "Slovakia"]
[BlackTeam "II"]
[WhiteTeamCountry "SVK"]
[BlackTeamCountry "SVK"]

1. e4 d6 2. d4 Nf6 3. Nc3 g6 4. Nf3 Bg7 5. Bg5 h6 6. Be3 c6 7. Be2 Nbd7 8. h3
e5 9. Qd2 Qe7 10. d5 c5 11. O-O g5 12. Nh2 Nf8 13. Bb5+ Bd7 14. Qe2 a6 15.
Bxd7+ Qxd7 16. a4 Ng6 17. Ng4 h5 18. Nxf6+ Bxf6 19. Qf3 Nf4 20. Kh2 g4 21. Qg3
O-O-O 22. Bxf4 exf4 23. Qd3 f3 24. gxf3 Be5+ 25. Kh1 Rdg8 26. f4 Bxf4 27. Ne2
Be5 28. f4 gxf3 29. Qxf3 Rg5 30. c3 Rhg8 31. Rg1 Bg3 32. Qg2 h4 33. b3 f5 34.
exf5 Rxf5 35. Raf1 Rxd5 36. Rf3 Rd2 37. Re3 Rf8 38. Rf1 Rxf1+ 39. Qxf1 Rd1 40.
Nxg3 Qxh3+ 0-1

[Event "SR 2. liga A 2009/2010"]
[Site "?"]
[Date "2009.10.10"]
[Round "1.2"]
[White "Meszaros, Michal"]
[Black "Tepper, Frantisek"]
[Result "1-0"]
[WhiteElo "2416"]
[BlackElo "2169"]
[PlyCount "85"]
[EventDate "2009.??.??"]
[WhiteTeam "Slovakia"]
[BlackTeam "II"]
[WhiteTeamCountry "SVK"]
[BlackTeamCountry "SVK"]

1. e4 Nc6 2. Nf3 Nf6 3. e5 Ng4 4. d4 d6 5. h3 Nh6 6. exd6 Qxd6 7. Nc3 a6 8. d5
Ne5 9. g3 Nf5 10. Bf4 Nxf3+ 11. Qxf3 Qb6 12. O-O-O Bd7 13. Bc4 f6 14. g4 Nd6
15. Bb3 O-O-O 16. Na4 Bxa4 17. Bxa4 g6 18. Rhe1 Qb4 19. Bb3 h5 20. Kb1 hxg4 21.
hxg4 Kb8 22. a3 Qa5 23. c4 f5 24. gxf5 gxf5 25. Bd2 Qb6 26. Be3 Qa5 27. Bd2 Qb6
28. Bb4 a5 29. c5 Qb5 30. cxd6 axb4 31. dxe7 Bxe7 32. Rxe7 bxa3 33. bxa3 Qc5
34. Rde1 Qxa3 35. Qc3 Rc8 36. Rxc7 Rxc7 37. Qxh8+ Rc8 38. Qe5+ Ka8 39. Qa1
Qxa1+ 40. Kxa1 Rc3 41. Kb2 Rf3 42. Re2 Kb8 43. Rc2 1-0

[Event "SR 2. liga A 2009/2010"]
[Site "?"]
[Date "2009.10.10"]
[Round "1.2"]
[White "Petrik, Stanislav"]
[Black "Banas, Kamil"]
[Result "1-0"]
[WhiteElo "2183"]
[BlackElo "2225"]
[PlyCount "117"]
[EventDate "2009.??.??"]
[WhiteTeam "Slovakia"]
[BlackTeam "II"]
[WhiteTeamCountry "SVK"]
[BlackTeamCountry "SVK"]

1. e4 c5 2. Nf3 e6 3. c4 Nc6 4. Nc3 Nf6 5. d4 cxd4 6. Nxd4 Bb4 7. Qd3 Nxd4 8.
Qxd4 Bxc3+ 9. bxc3 Qa5 10. Bd3 O-O 11. O-O e5 12. Qd6 Qxc3 13. Ba3 Re8 14. Rac1
Qd2 15. Rc2 Qf4 16. Bc1 Qg4 17. f3 Qe6 18. c5 b6 19. Bb5 Qxd6 20. cxd6 a6 21.
Ba4 b5 22. Bb3 Bb7 23. Bb2 a5 24. a3 Ra6 25. Rd1 Rc6 26. Rxc6 dxc6 27. Bxe5 Nd7
28. Bc3 a4 29. Ba2 c5 30. e5 c4 31. Bb1 g6 32. f4 Nc5 33. Bd4 Nd3 34. Bxd3 cxd3
35. Rxd3 Bc8 36. Rc3 Be6 37. Rc7 Rb8 38. Ba7 Rc8 39. Rb7 Rc1+ 40. Kf2 Rc2+ 41.
Ke3 Rc3+ 42. Kd2 Rxa3 43. d7 Ra2+ 44. Kc3 Bxd7 45. Rxd7 Rxg2 46. Bd4 Kf8 47.
Bc5+ Ke8 48. Re7+ Kf8 49. Rb7+ Ke8 50. Rxb5 Rxh2 51. Kc4 Rd2 52. Rb8+ Kd7 53.
Rb7+ Kc6 54. Rb6+ Kc7 55. Rf6 Rc2+ 56. Kd5 Rd2+ 57. Bd4 a3 58. Rxf7+ Kb8 59.
Rxh7 1-0

[Event "SR 2. liga A 2009/2010"]
[Site "?"]
[Date "2009.10.10"]
[Round "1.2"]
[White "Sturdik, Igor"]
[Black "Maslik, Miroslav"]
[Result "0-1"]
[WhiteElo "2047"]
[BlackElo "2367"]
[PlyCount "115"]
[EventDate "2009.??.??"]
[WhiteTeam "Slovakia"]
[BlackTeam "II"]
[WhiteTeamCountry "SVK"]
[BlackTeamCountry "SVK"]

1. e4 e6 2. d4 d5 3. exd5 exd5 4. Nf3 Bg4 5. Bd3 Bd6 6. O-O Nc6 7. c3 Nge7 8.
Re1 Qd7 9. Nbd2 O-O-O 10. b4 Ng6 11. h3 Bf5 12. Nf1 f6 13. a4 Rde8 14. Be3 Nf4
15. Bxf4 Bxf4 16. Qc2 Bxd3 17. Qxd3 g5 18. Rxe8+ Rxe8 19. Re1 Rxe1 20. Nxe1 f5
21. Ne3 Ne7 22. b5 Qe6 23. N1c2 Bd6 24. c4 dxc4 25. Nxc4 h5 26. Nxd6+ Qxd6 27.
Ne3 Qe6 28. Qc3 f4 29. d5 Qd6 30. Nc4 Qxd5 31. b6 Kb8 32. Qh8+ Nc8 33. bxc7+
Kxc7 34. Qg7+ Kb8 35. Ne5 g4 36. hxg4 hxg4 37. Nd7+ Ka8 38. Qxg4 a5 39. Nf6 Qc4
40. Qf5 Qc1+ 41. Kh2 Qc7 42. Nd5 Qc5 43. Qd7 Kb8 44. Qf7 Ka7 45. Nxf4 Qxf2 46.
Qc7 Nb6 47. Qe5 Qd2 48. Qe4 Qd7 49. Nd3 Qxa4 50. Qxa4 Nxa4 51. g4 Nc3 52. g5 a4
53. g6 a3 54. Nc1 Nd5 55. g7 Ne7 56. Kg2 Kb6 57. Kf3 Kc5 58. Ke3 0-1

[Event "SR 2. liga A 2009/2010"]
[Site "?"]
[Date "2009.10.10"]
[Round "1.3"]
[White "Certek, Pavel"]
[Black "Pagerka, Martin"]
[Result "1-0"]
[WhiteElo "2245"]
[BlackElo "2097"]
[PlyCount "79"]
[EventDate "2009.??.??"]
[WhiteTeam "Slovakia"]
[BlackTeam "II"]
[WhiteTeamCountry "SVK"]
[BlackTeamCountry "SVK"]

1. d4 Nf6 2. Nf3 e6 3. e3 b6 4. Bd3 Bb7 5. O-O Be7 6. c4 O-O 7. Nc3 d5 8. b3
Nbd7 9. Bb2 c5 10. Qe2 Ne4 11. Rac1 cxd4 12. exd4 Nxc3 13. Rxc3 Bd6 14. Ne5 g6
15. Nxd7 Qxd7 16. c5 Be7 17. b4 bxc5 18. dxc5 Bf6 19. b5 Bxc3 20. Bxc3 f6 21.
f4 Qe7 22. Bd4 Rac8 23. Rc1 Rfe8 24. c6 Qb4 25. Bxf6 Qxf4 26. Rf1 Qc7 27. cxb7
Qxb7 28. Be5 Rf8 29. Qe3 Rxf1+ 30. Bxf1 Rc2 31. a4 Qf7 32. Bd3 Rc8 33. h3 Qd7
34. a5 Rf8 35. Bd4 a6 36. b6 Qc8 37. Qe5 Kf7 38. b7 Qb8 39. Qf6+ Ke8 40. Qxe6+
1-0

[Event "SR 2. liga A 2009/2010"]
[Site "?"]
[Date "2009.10.10"]
[Round "1.3"]
[White "Kralovic, Andrej"]
[Black "Lopatievov, Alexander"]
[Result "1-0"]
[WhiteElo "2156"]
[BlackElo "2041"]
[PlyCount "109"]
[EventDate "2009.??.??"]
[WhiteTeam "Slovakia"]
[BlackTeam "II"]
[WhiteTeamCountry "SVK"]
[BlackTeamCountry "SVK"]

1. e4 e6 2. d4 b6 3. Bd3 Bb7 4. Nf3 c5 5. Nbd2 cxd4 6. Nxd4 Nc6 7. Nxc6 Bxc6 8.
Qe2 Qc7 9. O-O Nf6 10. Re1 d6 11. b3 Be7 12. Bb2 O-O 13. a4 d5 14. e5 Nd7 15.
Qh5 g6 16. Qh6 Rfe8 17. Re3 Bf8 18. Qh4 Qd8 19. Qf4 Bg7 20. Rae1 Qe7 21. Nf3
Nc5 22. Nd4 Nxd3 23. Rxd3 Rac8 24. Qd2 a6 25. f4 Rc7 26. Ra1 Rec8 27. Ba3 Qe8
28. Bd6 Rb7 29. a5 Bb5 30. Rc3 bxa5 31. Rxa5 Bf8 32. Rxc8 Qxc8 33. Bxf8 Qxf8
34. Ra1 Qc5 35. g3 Rc7 36. Kf2 Qb6 37. Ke3 Rc5 38. Qa5 Qa7 39. Kd2 Qd7 40. Qb6
Qc8 41. Ra2 Kg7 42. Ra1 h6 43. Re1 Kh7 44. Re3 Bf1 45. g4 Bg2 46. f5 gxf5 47.
gxf5 exf5 48. Qf6 Be4 49. Qxf7+ Kh8 50. Qf6+ Kh7 51. c3 Ra5 52. Rh3 Ra2+ 53.
Kc1 Ra1+ 54. Kb2 Rb1+ 55. Ka2 1-0

[Event "SR 2. liga A 2009/2010"]
[Site "?"]
[Date "2009.10.10"]
[Round "1.3"]
[White "Machalova, Veronika"]
[Black "Petrik, Karol"]
[Result "1-0"]
[WhiteElo "2187"]
[BlackElo "2181"]
[PlyCount "92"]
[EventDate "2009.??.??"]
[WhiteTeam "Slovakia"]
[BlackTeam "II"]
[WhiteTeamCountry "SVK"]
[BlackTeamCountry "SVK"]

1. e4 d5 2. exd5 Qxd5 3. Nc3 Qd6 4. d4 a6 5. h3 g6 6. Nf3 Nf6 7. Be2 Bg7 8. O-O
O-O 9. Be3 Bf5 10. a3 Ne4 11. Nxe4 Bxe4 12. Qd2 Nc6 13. Ng5 Bf5 14. g4 Bc8 15.
c3 e6 16. Rad1 Ne7 17. Ne4 Qd8 18. Bg5 f6 19. Bh4 g5 20. Bg3 h6 21. f4 b6 22.
Bf3 Rb8 23. fxg5 hxg5 24. Rde1 Bb7 25. Qh2 Nd5 26. h4 gxh4 27. Qxh4 Ne7 28. Re2
Bxe4 29. Bxe4 f5 30. gxf5 exf5 31. Rh2 Rf6 32. Qh7+ Kf7 33. Bxf5 Qd5 34. Be4
Qg5 35. Rxf6+ Kxf6 36. Qh4 Qxh4 37. Bxh4+ Ke6 38. Re2 Bf6 39. Bd3+ Kf7 40. Rf2
Ng8 41. Bxa6 b5 42. Bg3 Rb6 43. Bc8 Ne7 44. Bg4 Nd5 45. Bf3 c6 46. Bxd5+ cxd5
1-0

[Event "SR 2. liga A 2009/2010"]
[Site "?"]
[Date "2009.10.10"]
[Round "1.3"]
[White "Malar, Pavol"]
[Black "Godula, Martin"]
[Result "0-1"]
[WhiteElo "2133"]
[BlackElo "2179"]
[PlyCount "98"]
[EventDate "2009.??.??"]
[WhiteTeam "Slovakia"]
[BlackTeam "II"]
[WhiteTeamCountry "SVK"]
[BlackTeamCountry "SVK"]

1. e4 c5 2. Nf3 d6 3. Bb5+ Bd7 4. Bxd7+ Qxd7 5. O-O Nc6 6. Re1 g6 7. d3 Bg7 8.
Nbd2 e6 9. Nf1 Nge7 10. c3 O-O 11. Bg5 h6 12. Bf4 e5 13. Bd2 f5 14. exf5 gxf5
15. Ng3 d5 16. Nh5 e4 17. dxe4 fxe4 18. Nh4 Nf5 19. Ng6 Rf7 20. Qg4 Kh7 21.
Nhf4 Rg8 22. Rad1 Be5 23. Qh3 Rxg6 24. Nxg6 Kxg6 25. g4 e3 26. gxf5+ Rxf5 27.
Kh1 exd2 28. Rg1+ Kh7 29. Rxd2 Qf7 30. Qd3 d4 31. c4 Kh8 32. Rg2 Bf4 33. Rd1
Ne5 34. Qh3 d3 35. Rdg1 Rf6 36. Qc8+ Kh7 37. Rg8 Rg6 38. R1xg6 Nxg6 39. Rd8 Bg5
40. Rxd3 Qxf2 41. Qxb7+ Ne7 42. Qe4+ Kg7 43. Rf3 Qxb2 44. h4 Bf6 45. Qg4+ Kf7
46. Qh5+ Ke6 47. Qxh6 Nf5 48. Qf4 Qb1+ 49. Rf1 Qxf1+ 0-1

[Event "SR 2. liga A 2009/2010"]
[Site "?"]
[Date "2009.10.10"]
[Round "1.3"]
[White "Petenyi, Tamas"]
[Black "Peitl, Tomas"]
[Result "1-0"]
[WhiteElo "2261"]
[BlackElo "2175"]
[PlyCount "61"]
[EventDate "2009.??.??"]
[WhiteTeam "Slovakia"]
[BlackTeam "II"]
[WhiteTeamCountry "SVK"]
[BlackTeamCountry "SVK"]

1. e4 e5 2. Nf3 Nc6 3. Bb5 a6 4. Ba4 Nf6 5. O-O Be7 6. Re1 b5 7. Bb3 O-O 8. h3
d6 9. c3 Na5 10. Bc2 c5 11. d4 Qc7 12. Nbd2 Nc6 13. d5 Nd8 14. Nf1 Ne8 15. N3h2
f6 16. Ng3 g6 17. a4 Qb8 18. Qe2 Nc7 19. h4 b4 20. cxb4 Qxb4 21. Rb1 a5 22. Bd2
Qb6 23. Ngf1 Na6 24. Ne3 Nb4 25. Nc4 Qb8 26. Bxb4 Qxb4 27. b3 Ba6 28. Bd3 Bxc4
29. bxc4 Qxa4 30. Rb5 Rf7 31. Qb2 1-0

[Event "SR 2. liga A 2009/2010"]
[Site "?"]
[Date "2009.10.10"]
[Round "1.3"]
[White "Varholakova, Niki"]
[Black "Stetina, Erik"]
[Result "1-0"]
[WhiteElo "2159"]
[BlackElo "2038"]
[PlyCount "81"]
[EventDate "2009.??.??"]
[WhiteTeam "Slovakia"]
[BlackTeam "II"]
[WhiteTeamCountry "SVK"]
[BlackTeamCountry "SVK"]

1. e4 e5 2. Nf3 Nf6 3. d4 Nxe4 4. Bd3 d5 5. dxe5 Be7 6. O-O Bg4 7. h3 Bh5 8.
Re1 O-O 9. Bf4 Nc6 10. c3 Nc5 11. Bf5 Ne6 12. Bh2 Bc5 13. Nbd2 Bb6 14. Qc2 Bg6
15. Rad1 Qe8 16. Nh4 Rd8 17. Ndf3 Ne7 18. Nxg6 Nxg6 19. h4 Kh8 20. Qc1 Ne7 21.
Bb1 Qa4 22. b4 d4 23. Ng5 h6 24. Nh7 Rfe8 25. Nf6 Rf8 26. c4 Qxb4 27. Rd3 Ba5
28. Red1 Nc5 29. Ng4 Nxd3 30. Bxd3 Qc3 31. Qf4 Ng6 32. Qf5 Qb2 33. h5 Qb6 34.
hxg6 fxg6 35. Qxg6 Qxg6 36. Bxg6 Bb4 37. e6 Rc8 38. Be5 h5 39. Nh6 Be7 40. Rxd4
Bf6 41. Bxf6 1-0

[Event "SR 2. liga A 2009/2010"]
[Site "?"]
[Date "2009.10.10"]
[Round "1.4"]
[White "Biro, Karol"]
[Black "Mydlarik, Martin"]
[Result "0-1"]
[WhiteElo "2166"]
[BlackElo "2169"]
[PlyCount "112"]
[EventDate "2009.??.??"]
[WhiteTeam "Slovakia"]
[BlackTeam "II"]
[WhiteTeamCountry "SVK"]
[BlackTeamCountry "SVK"]

1. c4 e5 2. Nc3 Nc6 3. g3 g6 4. Bg2 Bg7 5. e3 Nge7 6. Nge2 O-O 7. O-O d6 8. Rb1
Be6 9. Nd5 Bf5 10. d3 Nxd5 11. cxd5 Nb4 12. e4 Bd7 13. a3 Na6 14. b4 c6 15.
dxc6 bxc6 16. Be3 Nc7 17. d4 Ne6 18. dxe5 dxe5 19. Qd6 Qc8 20. Rfd1 Rd8 21. Qe7
Bf8 22. Qf6 Bg7 23. Qh4 Qa6 24. Rd2 Be8 25. Rbd1 Rxd2 26. Rxd2 Qxa3 27. Qe7 a5
28. Qb7 axb4 29. Bh3 Nd4 30. Nxd4 exd4 31. Rxd4 Qa1+ 32. Bf1 Bxd4 33. Bxd4 Qxd4
34. Qxa8 Qxe4 35. Qb8 Kg7 36. h4 h5 37. Bg2 Qe1+ 38. Kh2 c5 39. f4 Qe2 40. Qd6
b3 41. f5 gxf5 42. Qxc5 Qb5 43. Qe7 b2 44. Qg5+ Kf8 45. Qh6+ Ke7 46. Qe3+ Kd6
47. Qa3+ Ke6 48. Qe3+ Qe5 49. Qb6+ Ke7 50. Qb4+ Kf6 51. Bf3 Kg6 52. Qb6+ Kg7
53. Qb4 Bb5 54. Bxh5 Bd3 55. Qb7 Bc4 56. Bf3 Ba2 0-1

[Event "SR 2. liga A 2009/2010"]
[Site "?"]
[Date "2009.10.10"]
[Round "1.4"]
[White "Bukovsky, Milan"]
[Black "Hartl, Jan"]
[Result "0-1"]
[WhiteElo "2017"]
[BlackElo "2131"]
[PlyCount "158"]
[EventDate "2009.??.??"]
[WhiteTeam "Slovakia"]
[BlackTeam "II"]
[WhiteTeamCountry "SVK"]
[BlackTeamCountry "SVK"]

1. c4 e5 2. Nc3 f5 3. d4 exd4 4. Qxd4 Nc6 5. Qe3+ Kf7 6. Nf3 Nf6 7. g3 Bd6 8.
Bg2 Re8 9. Qd2 Bc5 10. O-O h6 11. Nh4 d6 12. e4 fxe4 13. Nxe4 Nxe4 14. Qd5+ Be6
15. Qxe4 Qf6 16. Be3 Kg8 17. Bxc5 dxc5 18. b3 Rad8 19. Rad1 Rd4 20. Qg6 Qxg6
21. Nxg6 Bf7 22. Nf4 g5 23. Nd3 Red8 24. Nb2 Na5 25. Be4 R8d6 26. Rxd4 Rxd4 27.
Bd3 Kg7 28. Re1 Nc6 29. Re3 Nb4 30. a3 Nxd3 31. Nxd3 b6 32. Ne5 Be8 33. Kf1 Kf8
34. Ke2 a5 35. Rd3 Rd6 36. Ke3 Ke7 37. Ke4 Re6 38. f4 Bg6+ 39. f5 Kf6 40. fxg6
Rxe5+ 41. Kf3 Re7 42. g7 Kxg7 43. h4 Kg6 44. hxg5 hxg5 45. Kg4 Re4+ 46. Kf3 Rd4
47. Re3 Rd6 48. Kg4 a4 49. bxa4 Rd4+ 50. Kf3 g4+ 51. Ke2 Rxc4 52. a5 bxa5 53.
Re6+ Kf5 54. Rc6 Ke4 55. Rxc7 Rc2+ 56. Kd1 Rc3 57. a4 Rc4 58. Ke2 Kd4 59. Kd2
Rxa4 60. Rd7+ Ke4 61. Rf7 Ra3 62. Rf4+ Kd5 63. Rxg4 Rb3 64. Ra4 Rxg3 65. Rxa5
Kd4 66. Ra8 Rg2+ 67. Kc1 Kc3 68. Ra3+ Kb4 69. Rh3 c4 70. Kb1 Rg4 71. Rf3 Rd4
72. Rh3 Rd3 73. Rh8 Kc3 74. Kc1 Rg3 75. Rh1 Kb3 76. Rf1 c3 77. Kb1 Rg2 78. Ka1
Ra2+ 79. Kb1 c2+ 0-1